| 000 | 00580 a2200217 4500 | ||
|---|---|---|---|
| 001 | 18142 | ||
| 999 |
_c18142 _d4846 |
||
| 003 | TR-AnTOB | ||
| 005 | 20190408213018.0 | ||
| 008 | 041102s2002 tu tur | ||
| 020 | _a9752100252 | ||
| 041 | _atur | ||
| 050 |
_aPR9199.3.G415 _bS3719 2002 |
||
| 090 | _aPR9199.3.G415 S3719 2002 | ||
| 100 |
_aGedge, Pauline _910111 |
||
| 245 | 0 |
_aFiravunların öfkesi / _cPauline Gedge ; çev. Fatoş Dilber. |
|
| 264 | 1 |
_aİstanbul : _bAltın Kitaplar Yayınevi, _c2002 |
|
| 300 |
_a510 p. ; _c20 cm. |
||
| 500 | _aOrjinal: Scroll of Saqqara | ||
| 902 | _a0003602 | ||
| 942 | _cBK | ||